|
|
|
|
| LEADER |
00000cam a2200000 4500 |
| 001 |
vtls012079998 |
| 003 |
SK-MaSNL |
| 005 |
20260401130500.0 |
| 008 |
211207s2021 xo af br 010 j slo |
| 015 |
|
|
|a SNBA2022/08
|
| 020 |
|
|
|a 9788056626467
|q (viazané)
|
| 040 |
|
|
|a SNK
|b slo
|c SNK
|e rda
|
| 041 |
0 |
|
|a slo
|
| 044 |
|
|
|a xo
|c SK
|
| 072 |
|
7 |
|a 821.162.4-3
|x Slovenská próza
|2 konspekt
|
| 072 |
|
7 |
|a 821-93
|x Literatúra pre deti a mládež (beletria)
|2 konspekt
|
| 080 |
|
|
|a 821.162.4-34
|2 2011
|
| 080 |
|
|
|a 82-93-053.4/.5
|2 2011
|
| 100 |
1 |
|
|a Štelbaská, Zuzana,
|d 1978-
|4 aut
|9 197157
|
| 245 |
1 |
0 |
|a Záchranná stanica
|b podľa skutočnej udalosti
|p Vlčica Luna
|c Zuzana Štelbaská ; ilustrovala Lucia Zednikovičová
|
| 246 |
3 |
0 |
|a Vlčica Luna
|
| 250 |
|
|
|a Prvé slovenské vydanie
|
| 264 |
|
1 |
|a Bratislava
|b Albatros
|c 2021
|
| 300 |
|
|
|a 102 strán
|b ilustrácie, ilustrované listy
|c 20 cm
|
| 336 |
|
|
|a text
|b txt
|2 rdacontent
|
| 337 |
|
|
|a bez média
|b n
|2 rdamedia
|
| 338 |
|
|
|a zväzok
|b nc
|2 rdacarrier
|
| 500 |
|
|
|a Vydalo vydavateľstvo Albatros v spoločnosti Albatros Media Slovakia, s.r.o.
|
| 521 |
8 |
|
|a Pre čitateľov od 7 rokov
|
| 655 |
|
7 |
|a slovenské rozprávky
|2 SNKPH
|9 70528
|
| 655 |
|
7 |
|a Slovak fairy tales
|2 SNKPHeng
|9 292250
|
| 655 |
|
7 |
|a literatúra pre deti
|2 SNKPH
|9 87135
|
| 655 |
|
7 |
|a Children's literature
|2 SNKPHeng
|9 276039
|
| 700 |
1 |
|
|a Zednikovičová, Lucia
|4 ill
|9 203906
|
| 710 |
2 |
|
|a Albatros Media Slovakia.
|b Albatros
|4 pbl
|9 195117
|
| 787 |
0 |
8 |
|i Zo série:
|t Záchranná stanica
|
| 919 |
|
|
|a 978-80-566-2646-7
|
| 954 |
|
|
|a beletria pôvodná (slovenská)
|2 lita
|
| 958 |
|
|
|a LX
|
| 958 |
|
|
|a DB
|
| 999 |
|
|
|c 957613
|d 959543
|
| 952 |
|
|
|a SNK
|b SNK
|y PREZ
|7 0
|p 17A1471391
|o snkSD 90497
|i snk2022/1179
|8 0
|0 0
|1 0
|4 0
|d 2022-01-24
|f 1
|l 0
|r 2026-02-24 10:08:47
|w 2026-02-24
|
| 952 |
|
|
|a SNK
|b SNK
|y VYP
|7 0
|p 17A1471392
|o snkSD 90497 D1
|i snk2022/1180
|8 0
|0 0
|1 0
|4 0
|d 2022-01-24
|l 0
|r 2026-02-24 10:08:47
|w 2026-02-24
|